000 00330nam a22001337a 4500
008 170524b xxu||||| |||| 00| 0 eng d
020 _a9783540572152
041 _ager
080 _a621
100 _a26
101 _aIM
245 _aMODELLIERUNG, SIMULATION UND OPTIMIERUNG VON NACHRICHTENSYSTEMEN
_cSODER,G
942 _2udc
_cBK
999 _c14098
_d14098